| 000 | 00469pab a2200169 454500 | ||
|---|---|---|---|
| 008 | 180718b2006 xxu||||| |||| 00| 0 eng d | ||
| 100 | _aHo, Peter | ||
| 245 | _aChina's limits to growth? The difference between absolute, relative and precautionary limits | ||
| 260 | _c2006 | ||
| 300 | _ap.255-71. | ||
| 362 | _aJan | ||
| 650 | _aEnvironment - China | ||
| 650 | _aEnvironment | ||
| 700 | _aVermeer, Eduard B. | ||
| 773 | _aDevelopment and Change | ||
| 909 | _a71494 | ||
| 999 |
_c71494 _d71494 |
||